000 00741cam a2200241 a 4500
001 000003952
005 20200929150634.0
008 941118s1996 sp 001 f spa
020 _a8401009979
040 _aDO-SdBNP
_bspa
_cBNPHU
082 _a813.54
_bS813m
100 1 _aSteel, Danielle,
_d1947-
_910718
240 1 0 _aMalice.
_lEspañol
245 1 0 _aMalicia /
_cDanielle Steel ; traducción, Gemma Moral Bartolomé.
260 _aBarcelona :
_bPlaza & Janés,
_c1996.
300 _a842 p. ;
_c21 cm.
534 _pTítulo original:
_tMalice
650 4 _aNovela estadounidense
_9262
650 4 _aLiteratura estadounidense
_9263
700 1 _aMoral Bartolomé, Gemma,
_etr.
_911888
910 _aCatalogación derivada
910 _aWM
999 _c3771
_d3771